College Chemistry: (Record no. 183417)

MARC details
000 -LEADER
fixed length control field 00640 a2200193 4500
005 - DATE AND TIME OF LATEST TRANSACTION
control field 20211224124356.0
010 ## - LCCN (DPL NO)
LC control number ENG-130607
020 ## - INTERNATIONAL STANDARD BOOK NUMBER
International Standard Book Number 978-93-89691-31-3
Terms of availability 450.00
035 ## - SYSTEM CONTROL NUMBER
System control number EN-114139
037 ## - SOURCE OF ACQUISITION
Source of stock number/acquisition DBAD/PUB
082 ## - DEWEY DECIMAL CLASSIFICATION NUMBER
Classification number 540
100 ## - MAIN ENTRY--PERSONAL NAME
Personal name Rosenberg, Jerome L.
245 ## - TITLE STATEMENT
Title College Chemistry:
Statement of responsibility, etc Jerome L. Rosenberg, Lawrence M. Epstien
260 ## - PUBLICATION, DISTRIBUTION, ETC. (IMPRINT)
Place of publication, distribution, etc Chennai
Name of publisher, distributor, etc McGraw Hill Education Private Limited
Date of publication, distribution, etc 2020
270 ## - ADDRESS
Address 441/1, Sri Ekambara Naicker Industrial Estate, Alapakkam, Porur
City Tamil Nadu
Postal code 600116
300 ## - PHYSICAL DESCRIPTION
Extent 156p.
Dimensions 22cm (pbk)
700 ## - ADDED ENTRY--PERSONAL NAME
Personal name Epstein, Lawrence M.
942 ## - ADDED ENTRY ELEMENTS (KOHA)
Institution code [OBSOLETE] dpl
Item type English Books
Source of classification or shelving scheme Dewey Decimal Classification
Classification part 540
Call number suffix ROS
Holdings
Withdrawn status Lost status Not for loan Collection code Home library Current library Date acquired Source of acquisition Cost, normal purchase price Full call number Barcode Copy number Cost, replacement price Koha item type
      Non-fiction Mobile Library Mobile Library 24/12/2021 DBAD/PUB 450.00 540 ROS EN-114139 1 450.00 English Books

© Delhi Public Library
Hit Counter
free hit counter